Teoría y realidad / (Record no. 37183)

MARC details
000 -LEADER
campo de control de longitud fija 00652nam a2200205 i 4500
001 - NÚMERO DE CONTROL
campo de control 37183
003 - IDENTIFICADOR DE NÚMERO DE CONTROL
campo de control ES-MaACL
005 - FECHA Y HORA DE LA ÚLTIMA TRANSACCIÓN
campo de control 20251130063152.0
007 - CAMPO FIJO DE DESCRIPCIÓN FÍSICA--INFORMACIÓN GENERAL
campo de control de longitud fija t|
008 - DATOS DE LONGITUD FIJA--INFORMACIÓN GENERAL
campo de control de longitud fija 030220s1972 sp ||||1| spa d
100 1# - ENTRADA PRINCIPAL--NOMBRE DE PERSONA
Nombre de persona Bunge, Mario,
Fechas asociadas al nombre 1919-
9 (RLIN) 165711
245 10 - MENCIÓN DEL TÍTULO
Título Teoría y realidad /
Mención de responsabilidad, etc. Mario Bunge ; traducción castellana de J.L. García Molina y J. Sempere.
260 ## - PUBLICACIÓN, DISTRIBUCIÓN, ETC.
Lugar de publicación, distribución, etc. Barcelona, etc. :
Nombre del editor, distribuidor, etc. Ariel,
Fecha de publicación, distribución, etc. [1972]
300 ## - DESCRIPCIÓN FÍSICA
Extensión 301 p. ;
Dimensiones 18 cm.
650 ## - PUNTO DE ACCESO ADICIONAL DE MATERIA--TÉRMINO DE MATERIA
Término de materia o nombre geográfico como elemento de entrada Ciencia-
Subdivisión general Filosofía.
9 (RLIN) 10950
700 1# - ENTRADA AGREGADA--NOMBRE PERSONAL
Nombre de persona García Molina, J. L.
9 (RLIN) 54960
700 1# - ENTRADA AGREGADA--NOMBRE PERSONAL
Nombre de persona Sempere, Joaquín.
9 (RLIN) 105403
852 ## - LOCALIZACIÓN
Ubicación ES-MaACL
Número de control de estantería C-43846
Sublocalización o colección R.83268
Holdings
Estatus retirado Estado de pérdida Estado de daño No para préstamo Biblioteca de origen Biblioteca actual Ubicación en estantería Fecha de adquisición Fuente de adquisición Total de préstamos Signatura topográfica completa Código de barras Visto por última vez Precio de reemplazo Tipo de ítem Koha
        Biblioteca del Ateneo de Madrid Biblioteca del Ateneo de Madrid Depósito 2 17/01/2008     C-43846 1039121 23/02/2023 23/02/2023 Libro impreso